Self-certification schemes examined (Record no. 72574)
[ view plain ]
| 000 -LEADER | |
|---|---|
| fixed length control field | 01265cam a2200217 4500 |
| 001 - CONTROL NUMBER | |
| control field | WB3916-03 |
| 008 - FIXED-LENGTH DATA ELEMENTS--GENERAL INFORMATION | |
| fixed length control field | 030429n2003 000 0 eng u |
| 035 ## - SYSTEM CONTROL NUMBER | |
| System control number | (Sirsi) u122125 |
| 245 ## - TITLE STATEMENT | |
| Title | Self-certification schemes examined |
| 260 ## - PUBLICATION, DISTRIBUTION, ETC. | |
| Date of publication, distribution, etc. | 2003 |
| 490 ## - SERIES STATEMENT | |
| Series statement | RICS Building Surveying Faculty News |
| Volume/sequential designation | 28 April 2003, (1) |
| 520 ## - SUMMARY, ETC. | |
| Summary, etc. | Government has published a document: 'Competent persons self-certification schemes under the Building Regulations'. There are hopes that moves towards self-certification will significantly increase building regulation compliance, reduce the costs for firms joining recognised schemes and promote training and competence in the industry. Competent person schemes were introduced to allow individuals and businesses to self-certify their work as complying with the Building Regulations as an alternative to submitting a building notice. For the RICS News item: http://www.rics.org/ricscms/bin/show?class=News&template=/includes/shownews.html&id=5594 |
| 590 ## - LOCAL NOTE (RLIN) | |
| Local note | WB |
| 650 ## - SUBJECT ADDED ENTRY--TOPICAL TERM | |
| Topical term or geographic name entry element | SELF CERTIFICATION SCHEMES |
| 650 ## - SUBJECT ADDED ENTRY--TOPICAL TERM | |
| Topical term or geographic name entry element | COMPETENT PERSON SCHEMES |
| 650 ## - SUBJECT ADDED ENTRY--TOPICAL TERM | |
| Topical term or geographic name entry element | BUILDING REGULATIONS |
| 9 (RLIN) | 6224 |
| 650 ## - SUBJECT ADDED ENTRY--TOPICAL TERM | |
| Topical term or geographic name entry element | LOCAL AUTHORITY INSPECTION |
| 650 ## - SUBJECT ADDED ENTRY--TOPICAL TERM | |
| Topical term or geographic name entry element | COWBOY BUILDERS |
| 690 ## - LOCAL SUBJECT ADDED ENTRY--TOPICAL TERM (OCLC, RLIN) | |
| Topical term or geographic name as entry element | BUILT ENVIRONMENT-BUILDING STANDARDS |
| 942 ## - ADDED ENTRY ELEMENTS (KOHA) | |
| Suppress in OPAC | 0 |
| Withdrawn status | Lost status | Source of classification or shelving scheme | Damaged status | Not for loan | Home library | Current library | Shelving location | Date acquired | Total Checkouts | Full call number | Barcode | Date last seen | Copy number | Price effective from | Koha item type |
|---|---|---|---|---|---|---|---|---|---|---|---|---|---|---|---|
| Dewey Decimal Classification | London | London | News article | 29/04/2003 | WB3916-03 | 122125-1001 | 06/08/2019 | 1 | 06/08/2019 | News article |